000 01246naa a22003257a 4500
001 BR9101926
003 BR-BrBNA
005 20250721155409.0
007 ta
008 250630b bl.|||m| |||| 00| 0 por d
040 _aBR-BrBNA
_bpor
_cBiblioteca Nacional de Agricultura
041 _a(Pt)
072 _aL72
_b5212
_b4060
_bG514
090 _aL72 BR9101926
100 1 _aGirao, E.S.
100 1 _aLeal, J.A.
111 1 _a5. Seminario de Pesquisa Agropecuaria do Piaui
_cTeresina, PI (Brazil)
_d19-21 Oct 1988
245 1 _aOcorrencia de helmintos gastrintestinais em bezerros submetidos ao controle de verminose em Teresina, Piaui
500 _aAnais do 5. Seminario de Pesquisa Agropecuaria do Piaui Teresina, PI (Brasil): 1988. p. 223-226 [10 ref.; Summary (Pt)] (BR9101926-AMS)
773 0 _tAnais do 5. Seminario de Pesquisa Agropecuaria do Piaui
_wL72 BR9101926
_gTeresina, PI (Brasil), 1988. p. 223-226
650 _aBEZERRO
650 _aVERMINOSE
650 _aHELMINTO
650 _aANTI-HELMINTICO
650 _aTERESINA
650 _aPIAUI
490 _aDocumentos - Unidade de Execucao de Pesquisa de Ambito Estadual de Teresina (Brazil)
_vNo. 9
942 _cAMS
_2AGRIS
909 _a202506
_bLúcia
_c55
_dLúcia Elande
999 _c336266
_d336266